Most Popular Movie by Year (1975-2025) - Statistics

General Stats
  • This quiz has been taken 99 times
  • The average score is 34 of 50
Answer Stats
Year Movie Director/Actor # Franchise % Correct
1977 Star Wars: Episode IV: A New Hope George Lucas 1
92%
2011 Harry Potter and the Deathly Hallows Part 2 Daniel Radcliffe 8
90%
1981 Indiana Jones and the Raiders of the Lost Ark Harrison Ford 1
90%
1976 Rocky Sylvester Stallone 1
90%
1980 Star Wars: Episode V: The Empire Strikes Back Mark Hamill 2
87%
2008 The Dark Knight Heath Ledger 6
87%
1978 Grease John Travolta 1
86%
1990 Home Alone Macauley Culkin 1
84%
1975 Jaws Steven Spielberg 1
84%
2006 Pirates of the Caribbean: Dead Man's Chest Johnny Depp 2
84%
1985 Back to the Future Michael J. Fox 1
83%
1983 Star Wars: Episode VI: Return of the Jedi Carrie Fisher 3
83%
2001 Harry Potter and the Sorcerer's Stone Emma Watson 1
82%
1991 Terminator 2: Judgement Day Arnold Schwarzenegger 2
82%
1979 Alien Sigourney Weaver 1
80%
2017 The Fate of the Furious Vin Diesel 8
80%
1999 The Matrix Keanu Reeves 1
80%
2023 Barbie Margot Robbie None (so far)
78%
1982 E.T. the Extra-Terrestrial Steven Spielberg 1
77%
2003 The Lord of the Rings: The Return of the King Elijah Wood 3
77%
2019 Avengers: Endgame Robert Downey Jr. 4
76%
2021 Spider-Man: No Way Home Tom Holland 9
76%
1997 Titanic James Cameron None
75%
1984 Ghostbusters Bill Murray 1
73%
1989 Batman Michael Keaton 1
72%
1993 Jurassic Park Jeff Goldblum 1
72%
2022 Top Gun: Maverick Tom Cruise 2
72%
2009 Avatar James Cameron 1
69%
2024 Deadpool and Wolverine Ryan Reynolds 3 and 4
67%
2002 The Lord of the Rings: The Two Towers Peter Jackson 2
66%
2012 The Avengers Chris Evans 1
65%
2005 Star Wars: Episode III: Revenge of the Sith Ewan McGregor 6
63%
2007 Pirates of the Caribbean: At World's End Keira Knightley 3
61%
2016 Captain America: Civil War Chris Evans 3
59%
1988 Big Tom Hanks None
55%
2013 Frozen Idina Menzel 1
55%
2010 Inception Christopher Nolan None
55%
1995 Toy Story Tim Allen 1
55%
2015 Star Wars: Episode VII: The Force Awakens Daisy Ridley 8
54%
2014 Interstellar Matthew McConaughey None
52%
1994 Forrest Gump Robert Zemeckis None
49%
2018 Avengers: Infinity War Josh Brolin 3
47%
1998 Saving Private Ryan Tom Hanks None
47%
1996 Independence Day Will Smith 1
45%
2020 Sonic the Hedgehog Jim Carrey 1
43%
1992 Aladdin Robin Williams 1
42%
1986 Labyrinth David Bowie None
39%
2004 Shrek 2 Cameron Diaz 2
34%
1987 The Princess Bride Robin Wright None
31%
2000 Cast Away Robert Zemeckis None
18%
No matching quizzes found
Score Distribution
Percent of People with Each Score
Percentile by Number Answered
Your Score History
You have not taken this quiz